000 00826cpcaa2200253 4500
001 mm 80006077
003 DLC
005 20260227111704.0
008 800129|||||||||||| eng
010 _amm 80006077
040 _aDLC
_cDLC
_edacs
_dDLC
072 7 _aL
_2lcmd
100 1 _aElytēs, Odysseas,
_d1911-1996.
245 0 0 _aOdysseas Elytēs poems,
_fundated.
300 _a2
_fitems.
506 0 _aOpen to research.
533 _aHandwritten transcripts.
_b[S.l.].
545 0 _aGreek poet.
546 _aCollection material in English.
580 _aForms part of: Miscellaneous Manuscripts collection.
656 7 _aPoets.
_2itoamc
999 _c42833
_d42833